|
|
|
|
| LEADER |
00000nam0a2200000 4500 |
| 001 |
21182 |
| 005 |
20231030192355.0 |
| 035 |
|
|
|a (RuTPU)RU\TPU\book\21380
|
| 035 |
|
|
|a BOOK00006073
|
| 090 |
|
|
|a 21182
|
| 100 |
|
|
|a 20011209d1975 k y0rusy50 ca
|
| 101 |
0 |
|
|a rus
|
| 102 |
|
|
|a RU
|
| 105 |
|
|
|a a z 000zy
|
| 200 |
1 |
|
|a Искусство Греции
|e Новое время
|f В. М. Полевой
|
| 210 |
|
|
|a Москва
|c Советский художник
|d 1975
|
| 215 |
|
|
|a 445 с.
|
| 610 |
1 |
|
|a искусство
|
| 610 |
1 |
|
|a 15 век
|
| 610 |
1 |
|
|a 16 век
|
| 610 |
1 |
|
|a 17 век
|
| 610 |
1 |
|
|a 18 век
|
| 610 |
1 |
|
|a 19 век
|
| 610 |
1 |
|
|a 20 век
|
| 610 |
1 |
|
|a история
|
| 610 |
1 |
|
|a архитектура
|
| 610 |
1 |
|
|a живопись
|
| 610 |
1 |
|
|a декоративно-прикладное искусство
|
| 610 |
1 |
|
|a Греция
|
| 610 |
1 |
|
|a изобразительное искусство
|
| 675 |
|
|
|a 7.032.6(09)
|v 3
|
| 700 |
|
1 |
|a Полевой
|b В. М.
|g Вадим Михайлович
|
| 801 |
|
0 |
|a RU
|b 63413507
|c 20011209
|g PSBO
|
| 801 |
|
2 |
|a RU
|b 63413507
|c 20110406
|g PSBO
|
| 942 |
|
|
|c BK
|